LEADER 01450nam 2200313Ia 450 001 996389724003316 005 20221102113508.0 035 $a(CKB)4940000000094681 035 $a(EEBO)2240865590 035 $a(OCoLC)64551142 035 $a(EXLCZ)994940000000094681 100 $a20060306d1700 uy 0 101 0 $aeng 135 $aurbn||||a|bb| 200 00$aCuckoldom alamode, or, A comical relation, of an eminent tallow-chandler$b[electronic resource] $ewho sneak'd off last week with an ale-drapers wife, near Grays-Inn. With the tallow-chandlers wife's lamentation for the loss of her husband, and the ale-drapers sorrow for the absence of his wife. To which is added , the Leicestershire cobbler's misfortune, or, A hue and cry after a lost maiden head in Bell-Yard, near Sheare-Lane, with other pleasant particulars 210 $a[London] $cPrinted for VVilliam Hurd, near the Strand$d[1700] 215 $a1 sheet ([1] p.) 300 $aPlace and date of publication suggested by Wing (2nd ed.). 300 $aReproduction of original in: Harvard University. Library. 330 $aeebo-0062 606 $aAdultery$zEngland$vEarly works to 1800 608 $aBroadsides$zEngland$y17th century.$2rbgenr 615 0$aAdultery 801 0$bUMI 801 1$bUMI 906 $aBOOK 912 $a996389724003316 996 $aCuckoldom alamode, or, A comical relation, of an eminent tallow-chandler$92384644 997 $aUNISA